000 nam a22 7a 4500
999 _c126229
_d126229
008 170224b xxu||||| |||| 00| 0 eng d
050 _aDA69.3.H3 C65
100 _aCooper, Duff
_929079
245 _aHaig
_cDuff Cooper
260 _aLondon
_bFaber and Faber Limited
_c1935
300 _a402p. ;
_c24cm.
600 _aHaig, Douglas Haig
_929080
650 _aEuropean war 1914-1918
_xCampaigns
_xWestern
_929081
650 _aEuropean war 1914-1918
_zGreat Britain
_929082
942 _2lcc
_cMONOGRAPH